000 00779nam a22002897a 4500
001 BR0702746
003 BR-BrBNA
005 20230928102438.0
007 ta
008 230509b bl.||||| |||| 00| 0 por d
040 _aBR-BrBNA
_bpor
_cBiblioteca Nacional de Agricultura
041 _a(Por)
072 _aH10
_b4020
090 _ 4020 BR0702746
100 1 _aMariconi, F.A.M.
245 1 _aInsetos daninos às plantas cultivadas
260 3 _aSão Paulo, SP (Brasil):
_bLivraria Nobel S.A.,
_c1969.
300 _a123 p.
500 _a45 ref.; 60 illus.
650 _aPRAGA DE PLANTA
650 _aINSETO
650 _aCONTROLE QUÍMICO
650 _aCONTROLE INTEGRADO
650 _aCONTROLE BIOLÓGICO
909 _a202309
_bLucia
_c55
_dLucia Elande
942 _cBK
999 _c70799
_d70799